The Extinct Life in Moravia

Bibliographic Details
Main Authors: Říha, Jaroslav (Author), Uhrová, Jiřina (Author)
Other Authors: Kalvoda, Jan, 1943- (Translator), Tlachová, K. (Translator), Postníková, V. (Illustrator), Píchová, L. (Illustrator), Heyduk, Miloš, 1933-2012 (Photographer)
Format: Book
Language:Czech
PhysicalDescription:68, [1] s. 26 cm
Published: Brno Moravian Museum 1990
ISBN:807028005
Series:Moravian Museum Discovery Series Vol. 1

MARC

LEADER 00000nam a2200000 a 4500
001 vtls001137511
003 SK-MaSNL
005 20260301233518.0
008 250414s1990 xr 0 cze
020 |a 807028005 
035 |a SNK000080364 
040 |a SNK  |b slo  |c SNK  |e AACR2 
041 0 |a cze 
044 |a xr  |c CZ 
080 |a 56(473.2)(061.4)  |2 1981 
100 1 |a Říha, Jaroslav  |4 aut  |9 357973 
245 1 4 |a The Extinct Life in Moravia  |c Jaroslav Říha, Jiřina Uhrová ; Transl. J. Kalvoda, K. Tlachová ; Illustr. V. Postníková, L. Píchová ; Photos M. Heyduk, ... 
260 |a Brno  |b Moravian Museum  |c 1990 
300 |a 68, [1] s.  |c 26 cm 
490 0 |a Moravian Museum Discovery Series  |v Vol. 1 
700 1 |a Uhrová, Jiřina  |4 aut  |9 628242 
700 1 |a Kalvoda, Jan,  |d 1943-  |4 trl  |9 82363 
700 1 |a Tlachová, K.  |4 trl  |9 628243 
700 1 |a Postníková, V.  |4 ill  |9 628244 
700 1 |a Píchová, L.  |4 ill  |9 628245 
700 1 |a Heyduk, Miloš,  |d 1933-2012  |4 pht  |9 254982 
852 |a Slovenská národná knižnica 
919 |a 80-7028-005 
954 |a paleontológia  |a Morava 
958 |a OND 
999 |c 966504  |d 968434 
952 |t P60, <04>, [BOOK], {604}  |a SNK  |b SNK  |y VYP  |7 0  |p 17A0304650  |o snkIB 67495 D1  |0 0  |1 1  |4 0  |d 2001-06-22  |l 0  |r 2005-01-01 00:00:00  |w 2026-02-24